| 000 | 01448 a2200265 4500 | ||
|---|---|---|---|
| 003 | BJBSDDR | ||
| 005 | 20260421155552.0 | ||
| 007 | ta | ||
| 008 | 260421s2013 nyu 00| 0 spa d | ||
| 020 | _a9780811218214 | ||
| 020 | _a0811221474 | ||
| 040 |
_beng _cBJBSDDR |
||
| 041 | _aeng | ||
| 050 | _bN454c 2013 | ||
| 100 | 1 |
_aNeruda, Pablo, _d1904-1973 _9148 |
|
| 240 | 1 | 0 |
_aVersos del capitán. _lEnglish |
| 245 | 1 | 4 |
_aThe Captain's Verses Love Poems / _cPablo Neruda ; translation by Donald Devenish. |
| 260 |
_aNew York : _bNew Directions, _c2013. |
||
| 300 |
_a512 pages ; _c20 cm |
||
| 500 | _a"Often referred to as the final volume of Amis's 'London Trilogy'." | ||
| 520 | _aThis darkly satirical novel explores the professional and personal rivalry between two middle-aged writers in 1990s London: Richard Tull, a failed experimental novelist, and Gwyn Barry, his incredibly successful but talentless friend. Consumed by a lethal jealousy, Richard meticulously plots to sabotage Gwyn’s fame and wealth, leading to a series of comedic and tragic failures. Through this bitter competition, Martin Amis delivers a profound meditation on the "information" that comes with age—the realization of one's own mediocrity, the decline of the physical body, and the inevitable approach of death in a vast and indifferent universe. | ||
| 700 | 1 |
_aDevenish, Donald, _d1903-1980 _948050 _etranslator. |
|
| 942 |
_2lcc _cBK _n0 |
||
| 946 | _irmza | ||
| 999 |
_c126879 _d126879 |
||